000 01105cam a22002651i 4500
003 SA-RiAUC
005 20250507151742.0
008 250507s1996 su g 000r0cara c
040 _aSA-RiKSU
_bara
_cSA-RiAUC
_erda
043 _aa-su---
050 4 _bB55 1996
082 0 4 _a928.1
_qSA-RiAUC
090 _a928.1
_b ب ل ا
100 1 _aالبلادي، عاتق بن غيث بن زوير،
_d1352-1431 هجري
_eمؤلف.
245 1 0 _aهديل الحمام في تاريخ البلد الحرام :
_bتراجم شعراء مكة على مر العصور /
_cعاتق بن غيث البلادي.
250 _aالطبعة الأولى.
264 1 _aمكة المكرمة :
_bدار مكة للطباعة والنشر والتوزيع،
_c1996
300 _a4 مجلد ؛
_c24 سم
336 _aنص
_btxt
_2rdacontent
_3كتاب
337 _aبدون وسيط
_bn
_2rdamedia
338 _aمجلد
_bnc
_2rdacarrier
650 7 _aالشعراء السعوديون
_zمكة المكرمة
_vتراجم
_2aucsh
942 _2ddc
_cBOOK
_n0
949 _aSA-JeALM
_d250507
_ueid123
_n1
999 _c7692
_d7692